Ejecución de sentencias en el proceso administrativo iberoamericano: (España, Perú, Costa Rica, Colombia y Venezuela)
Guardat en:
| Autor principal: | |
|---|---|
| Format: | Desconegut |
| Idioma: | anglès espanyol |
| Publicat: |
Madrid, España
Instituto Nacional de Administración Pública INAP
2017
|
| Edició: | Primera edición |
| Col·lecció: | Colección Estudios y Documentos
|
| Matèries: | |
| Etiquetes: |
Afegir etiqueta
Sense etiquetes, Sigues el primer a etiquetar aquest registre!
|
MARC
| LEADER | 00000 a2200000 4500 | ||
|---|---|---|---|
| 003 | CL-VaPUC | ||
| 005 | 20210312001429.0 | ||
| 008 | 200116b ||||| |||| 00| 0 eng d | ||
| 999 | |c 376055 |d 376053 | ||
| 020 | |a 9788473515979 | ||
| 040 | |c Pontificia Universidad Católica de Valparaíso | ||
| 041 | 0 | |a spa | |
| 082 | |a 345.946 TOR 2017 | ||
| 100 | 1 | |a Torrealba Sánchez, Miguel Ángel |9 604974 | |
| 245 | 1 | 0 | |a Ejecución de sentencias en el proceso administrativo iberoamericano: |b (España, Perú, Costa Rica, Colombia y Venezuela) |
| 250 | |a Primera edición | ||
| 260 | 3 | |b Instituto Nacional de Administración Pública INAP |c 2017 |a Madrid, España | |
| 300 | |a 306 p | ||
| 490 | 0 | 0 | |a Colección Estudios y Documentos |
| 505 | 0 | |a Capítulo I. La paulatina superación del carácter revisor y objetivo del proceso administrativo centrado en el control del acto administrativo. Capítulo II. Los tipos de pretensiones proesales administrativas y sus correlativas clases de sentencias en el marco de las tendencias legislativas actuales del proceso administrativo iberoamericano. Capítulo III. Visión general sobre la ejecución de la sentencia en el proceso administrativo iberoamericano. Capítulo IV. Los regímenes de ejecución de la sentencia en el proceso administrativo en las leyes bajo estudio. Capítulo V. Peculariedades y avances en la ejecución de sentencias en las diversas legislaciones en materia de condena a prestaciones de dar cantidades de dinero, a entregar bienes genéricos o bienes específicos, así como a realizar prestaciones de hacer y de no hacer. Capítulo VI. Las limitaciones para la ejecución forzada de sentencias en el proceso administrativo impuestas por las prerrogativas procesales de la administración. Tendencias legislativas hacia su redimensionamiento. Conclusiones. Bibliografía. | |
| 583 | |k Hugo Gaete |c 20200116 | ||
| 650 | 0 | 0 | |a Derecho administrativo |9 254851 |
| 942 | |2 ddc |c BK | ||
| 952 | |0 0 |1 0 |2 ddc |4 0 |6 345_946000000000000_TOR_2017 |7 0 |9 495230 |a BIBDER |b BIBDER |d 2019-12-27 |e 36 |g 13095.00 |i 5568439 |o 345.946 TOR 2017 |p 5568439 |r 2023-01-25 |t 1 |v 13095.00 |w 2019-12-27 |y BK |k DER | ||